000 00708nam a2200289Ia 4500
005 20260324144659.0
008 008 260324s9999 xx 000 0 eng d
020 _a9780429315244
037 _aEBOOK
040 _aCRL
040 _beng
040 _cCRL
041 _2eng
041 _aeng
084 _qCRL
100 _aHelena Duchacek; Ivo D. Duchacek
_91220216
245 4 _aThe Territorial Dimension Of Politics
245 0 _bWithin, Among, And Across Nations
260 _bTaylor and Francis
260 _c1987
365 _a
365 _b230
856 _uhttp://www.taylorfrancis.com/books/9780429315244
942 _cEBOOK
999 _c1827126
_d1827126